Normal view MARC view
  • TRS-80 computers

Entry Topical Term

Number of records used in: 1

001 - CONTROL NUMBER

  • control field: 100394

003 - CONTROL NUMBER IDENTIFIER

  • control field: NUST

005 - DATE AND TIME OF LATEST TRANSACTION

  • control field: 20221017103004.0

008 - FIXED-LENGTH DATA ELEMENTS

  • fixed length control field: 221017|| aca||aabn | a|a d

040 ## - CATALOGING SOURCE

  • Original cataloging agency: NUST
  • Transcribing agency: NUST

150 ## - HEADING--TOPICAL TERM

  • Topical term or geographic name entry element: TRS-80 computers
  • General subdivision: Programming
  • General subdivision: Programmed instruction

670 ## - SOURCE DATA FOUND

  • Source citation: Work cat.: (NUST)179990: Albrecht, Bob, 100393, More TRS-80 BASIC / , c1981.
© 2023 Central Library, National University of Sciences and Technology. All Rights Reserved.